000 00728 a2200217 4500
003 UA-OsUOA
005 20260508150624.0
008 260508b un ||||| |||| 00| 0 ukr d
040 _aUA-OsUOA
_beng
_cUA-OsUOA
_dUA-OsUOA
041 _aeng
080 _a050
090 _a050
_bC19
245 _aCanadian Slavonic Papers
_nVolume XIV, No. 4, Winter, 1972
246 _aRevue Canadienne des Slavistes
260 _bThe Canadian Association of Slavists
_c1972
_aOttawa
300 _a578-737 p.
650 _2UDC
_a050 Серіальні видання. Періодика
_93723
942 _cBK
_2udc
955 _a4
999 _c580677
_d580677